01518nam a2200277 a 4500001001000000005001700010008004100027041000800068044000700076084002000083100004500103245008700148260004500235300002200280500021200302500013800514500027400652500001100926546002400937650005200961650005601013650003401069650004501103700004201148740005001190BRCA_287120190320204017.0111208s1842----gw-a---###---#000-0dger-u ager agw a279b.F56c18421 aCervantes Saavedra, Miguel ded1547-161610aDer sinnreiche Junker Don Quixote von la Manchacvon Miguel de Cervantes Saavedra. aPforzheim (Alemania)bDennig Finckc1842 a2 v.bil.c26 cm. aContenido : v 1. Primera parte. Noticia sobre la vida y obra de Cervantes. Advertencia del traductor. Introducción de H. Heine. Prólogo del autor. Texto. -- v 2. Segunda parte. Prólogo del autor. Texto aEdición : Aus dem spanischen Ibersetzt, mit dem Leben von Miguel de Cervantes nach Viardot, und einer Einleitung von Heinrich Heine aSegunda edición de la traducción anónimo, basada en la de Bertuch y publicada en Stuttgart, con la Vida de Cervantes, traducida de la escrita por Viardot, y una introducción crítica de H. Heine. Semitela; lomeras decoradas con adornos dorados Lúdovik Osterc aQM513C aTexto en : alemán14aNovela españolayÉpoca clásica, 1500-170014aLiteratura españolayÉpoca clásica, 1500-170014aNovela españolaySiglo XVII14aDon Quijote (Personaje ficticio)eNovela1 aViardot, Louisd1800-1883eBiógrafo0 aEl Ingenioso Hidalgo Don Quijote de la Mancha